000 01684nam a22002897a 4500
005 20170608110958.0
008 130802s2005 xxu g 000 0 eng
040 _aCO-BoUCM
_cAngélica Rojas
_dAldemar Mondragón
092 _aDVD 1262
245 0 0 _aMunich
_h[DVD]
_cSteven Spielberg, director
260 _a[Washington]
_bUniversal Pictures
_c2005
300 _a1 disco (164 min.)
_bsonido, color
500 _aSIPNOSIS: Basada en hechos reales. Tras el asesinato de varios atletas israelíes por el grupo terrorista palestino "Septiembre Negro" durante los Juegos Olímpicos de Múnich de 1972, un agente especial del Mossad tuvo que ejecutar una misión altamente secreta: asesinar a los responsables
508 _aCREDITOS: Director Steven Spielberg ; Guión Tony Kushner, Eric Roth (Novela: George Jonas) ; Música John Williams ; Fotografía Janusz Kaminski
511 _aREPARTO: Eric Bana, Daniel Craig, Ciaran Hinds, Mathieu Kassovitz, Hanns Zischler, Geoffrey Rush, Mathieu Amalric, Ayelet Zurer, Michael Lonsdale, Lynn Cohen, Gila Almagor, Marie-Josée Croze, Omar Metwally, Yvan Attal, Valeria Bruni Tedeschi
586 _a5 nominaciones a los premios Oscar, mejor película
650 7 _aGenocidio
_vDvd
_942033
650 7 _aTerrorismo
_zMunich
_y1972
_vDvd
_942031
650 7 _aViolencia política
_zIsrael
_vDvd
_942032
690 _aEntretenimiento
700 1 _aBana, Eric
_941980
700 1 _aSteven Spielberg
_941979
_edirector
856 _zVer el trailer
_uhttps://www.youtube.com/watch?v=gqX7H1-n10s
856 0 4 _uhttps://www.youtube.com/watch?v=gqX7H1-n10s
_zSiga este vínculo para ver el trailer.
942 _cMULTIMEDIA
_2LOCAL
_a11
041 _aeng
999 _c167550
_d167550